|
|
แสดงรายละเอียดบรรณานุกรม |
|
|
Brief Record
: Get Marc (ISO 2709)
: E-mail record
: |
|
|
| LEADER 00000nam 2200000uu 4500 | |||
| 008 130515s2556||||th 000 0 tha d | |||
| 041 0 ^atha | |||
| 090 ^aVCD 000294 | |||
| 110 1 ^aโรงพยาบาลสุโขทัย | |||
| 245 00 ^aวีซีดี เรื่อง 50 ปี พุทธศักราช 2506-2556 โรงพยาบาลสุโขทัย/^bโรงพยาบาลสุโขทัย. | |||
| 246 0 ^aวิดีทัศน์เนื่องในวาระครบรอบ 50 ปี โรงพยาบาลสุโขทัย 2 กุมภาพันธ์ 2556. | |||
| 260 ^aสุโขทัย : ^bโรงพยาบาลสุโขทัย,^c2556. | |||
| 300 ^aCD-ROM จำนวน 1 แผ่น | |||
| 650 0 ^aโรงพยาบาลสุโขทัย ^xประวัติ. | |||
| 650 0 ^aโรงพยาบาลสุโขทัย ^xการบริหาร. | |||
| 650 0 ^aโรงพยาบาล ^zไทย. | |||
| 999 ^aใช้งานได้ทุกระบบ | |||
| คุณยังไม่ได้ล็อกอิน คุณสามารถมีกิจกรรมร่วมกับเว็บไซต์ได้ แต่ต้องล็อกอินก่อน :: |
|
| สถานะ | |||||||||
| 1. | สื่อวีดิทัศน์ | VCD 000293 2556 | On Shelf ขอยืม | ||||||
| [แสดง 1/1 รายการ] | |||||||||
BibComment |
| คอมเมนท์ทรัพยากรรายการนี้ |
|
|